000 00865nam a22002177a 4500
005 20251108170056.0
008 250721s1999 xx 000 0 ara d
082 1 4 _aط/923.5/بدو
100 1 _aالبدوي، خليل
_eمؤلف
245 1 0 _aقتيبة بن مسلم الباهلي : البطل الذي مزق جموع أعداء الله في الشرق :
_bالبطل الذي فرق جموع أعداء الله في الشرق /
264 1 _aعمان :
_bدار الاسراء،
_c1999.
300 _a16ص.
490 0 _aنور الإسلام : قادة الفتوحات الإسلامية
_v9
650 1 7 _aالتراجم
650 1 7 _aالعسكريون
653 _aمسلم الباهلي
653 _aأطفال مرحلة متوسطة (6-9) سنوات
653 _aالقادة العسكريون
942 _2ddc
_cBK
999 _c39108
_d39108